Novela Trestného poriadku

Zákon č. 457/2003 Z.z. - v boji proti korupcii.

Gespeichert in:
Bibliographische Detailangaben
1. Verfasser: Štift, Peter
Format: Buchkapitel
Sprache:Slowakisch
Schlagworte:
Tags: Tag hinzufügen
Keine Tags, Fügen Sie das erste Tag hinzu!

MARC

LEADER 00000naa$a2200000$$$4500
001 0004882
005 20230919094459.6
041 0 |a slo 
044 |a SK 
245 1 0 |a Novela Trestného poriadku  |c aut. Peter Štift 
520 |a Zákon č. 457/2003 Z.z. - v boji proti korupcii. 
610 2 0 |a činnosť trestná 
610 2 0 |a právo trestné 
610 2 0 |a zákony 
610 2 0 |a novelizácia 
610 2 0 |a korupcia 
610 2 0 |a 2003 
100 1 |a Štift, Peter